<?xml version="1.0" encoding="UTF-8"?>
<record
    xmlns:xsi="http://www.w3.org/2001/XMLSchema-instance"
    xsi:schemaLocation="http://www.loc.gov/MARC21/slim http://www.loc.gov/standards/marcxml/schema/MARC21slim.xsd"
    xmlns="http://www.loc.gov/MARC21/slim">

  <leader>00650 am a2200205 a 4500</leader>
  <controlfield tag="000">BKB                 </controlfield>
  <controlfield tag="001">153473</controlfield>
  <controlfield tag="005">20200902161101.0</controlfield>
  <controlfield tag="008">60908                ###                </controlfield>
  <datafield tag="020" ind1=" " ind2=" ">
    <subfield code="a">9780470146194</subfield>
  </datafield>
  <datafield tag="082" ind1=" " ind2=" ">
    <subfield code="a">515.7</subfield>
    <subfield code="b">P94F</subfield>
  </datafield>
  <datafield tag="100" ind1="1" ind2=" ">
    <subfield code="a">Promislow, S. David</subfield>
  </datafield>
  <datafield tag="245" ind1="1" ind2=" ">
    <subfield code="a">A first course in functional analysis</subfield>
    <subfield code="c">by S. David Promislow</subfield>
  </datafield>
  <datafield tag="260" ind1=" " ind2=" ">
    <subfield code="a">Hobeoken</subfield>
    <subfield code="b">John Wiley &amp; Sons</subfield>
    <subfield code="c">2008</subfield>
  </datafield>
  <datafield tag="300" ind1=" " ind2=" ">
    <subfield code="a">307p.</subfield>
  </datafield>
  <datafield tag="490" ind1=" " ind2=" ">
    <subfield code="a">Pure and applied mathematics: a wiley- interscience series of texts, monographs and tracts</subfield>
    <subfield code="v"></subfield>
  </datafield>
  <datafield tag="630" ind1=" " ind2=" ">
    <subfield code="a">Mathematics</subfield>
  </datafield>
  <datafield tag="690" ind1=" " ind2=" ">
    <subfield code="a">Functional analysis; Mathematics</subfield>
  </datafield>
  <datafield tag="964" ind1=" " ind2=" ">
    <subfield code="a"></subfield>
    <subfield code="b">ENG</subfield>
    <subfield code="c"></subfield>
    <subfield code="d"></subfield>
    <subfield code="e"></subfield>
    <subfield code="f"></subfield>
    <subfield code="g"></subfield>
  </datafield>
  <datafield tag="999" ind1=" " ind2=" ">
    <subfield code="c">16100</subfield>
    <subfield code="d">16100</subfield>
  </datafield>
  <datafield tag="952" ind1=" " ind2=" ">
    <subfield code="0">0</subfield>
    <subfield code="1">0</subfield>
    <subfield code="4">0</subfield>
    <subfield code="7">0</subfield>
    <subfield code="a">CURAJ</subfield>
    <subfield code="b">CURAJ</subfield>
    <subfield code="d">2016-09-05</subfield>
    <subfield code="l">0</subfield>
    <subfield code="o">515.7 P94F</subfield>
    <subfield code="p">27885</subfield>
    <subfield code="q">2018-01-01</subfield>
    <subfield code="r">2020-09-02</subfield>
    <subfield code="w">2020-09-02</subfield>
    <subfield code="y">BK</subfield>
  </datafield>
</record>
